Proyecto de obras completas

Uloženo v:
Podrobná bibliografie
Hlavní autor: Lira Canguilhem, Rodrigo 1949-1981 (autor)
Médium: Kniha
Jazyk:španělština
Vydáno: Santiago Universitaria 2003
Santiago Centro de Investigaciones Diego Barros Arana 2003
Vydání:2a. ed
Témata:
Tagy: Přidat tag
Žádné tagy, Buďte první, kdo vytvoří štítek k tomuto záznamu!

MARC

LEADER 00000cam a2200000 a 4500
001 UCG7923
003 CL-VaPUC
008 111028e20030000CL |||||||||||||||||spa|d
020 |a 9561116502 
082 0 4 |a 861  |b LIR  |2 21 
100 |a Lira Canguilhem, Rodrigo  |e autor  |d 1949-1981  |9 558426 
245 1 0 |a Proyecto de obras completas 
250 |a 2a. ed 
300 |a 153 p 
942 |c BK 
945 |d 20111028 00:00:00  |a cmena 
260 |a Santiago  |b Universitaria  |c 2003 
260 |a Santiago  |b Centro de Investigaciones Diego Barros Arana  |c 2003 
650 0 |a Poesías chilenas   |9 265280 
650 0 |a Literatura chilena   |9 308278 
583 |a last modification  |c 20111028 11:35:00  |k Rodrigo Vera 
999 |c 345611  |d 345609 
952 |0 0  |1 0  |4 0  |6 861_000000000000000_LIR_2003_2003  |7 0  |8 C  |9 444539  |a BIBCUR  |b BIBCUR  |d 2019-11-22  |i 4793056  |o 861 LIR 2003 2003  |p 4793056  |r 2025-04-22  |w 2019-11-22  |y BK  |k CAC